<?xml version="1.0" encoding="UTF-8"?>
<record
    xmlns:xsi="http://www.w3.org/2001/XMLSchema-instance"
    xsi:schemaLocation="http://www.loc.gov/MARC21/slim http://www.loc.gov/standards/marcxml/schema/MARC21slim.xsd"
    xmlns="http://www.loc.gov/MARC21/slim">

  <leader>00294nam a2200133Ia 4500</leader>
  <controlfield tag="008">191201s2011    xx            000 0 und d</controlfield>
  <datafield tag="100" ind1=" " ind2=" ">
    <subfield code="a">NATARAJAN,AM</subfield>
  </datafield>
  <datafield tag="245" ind1=" " ind2="0">
    <subfield code="a">Operations Research</subfield>
  </datafield>
  <datafield tag="250" ind1=" " ind2=" ">
    <subfield code="a">IMP</subfield>
  </datafield>
  <datafield tag="260" ind1=" " ind2=" ">
    <subfield code="a">N.Delhi</subfield>
    <subfield code="b">Pearson</subfield>
    <subfield code="c">2011</subfield>
  </datafield>
  <datafield tag="300" ind1=" " ind2=" ">
    <subfield code="a">738</subfield>
  </datafield>
  <datafield tag="650" ind1=" " ind2=" ">
    <subfield code="a">MBA</subfield>
  </datafield>
  <datafield tag="942" ind1=" " ind2=" ">
    <subfield code="2">ddc</subfield>
    <subfield code="c">BK</subfield>
  </datafield>
  <datafield tag="999" ind1=" " ind2=" ">
    <subfield code="c">4155</subfield>
    <subfield code="d">4155</subfield>
  </datafield>
  <datafield tag="952" ind1=" " ind2=" ">
    <subfield code="0">0</subfield>
    <subfield code="1">0</subfield>
    <subfield code="2">ddc</subfield>
    <subfield code="4">0</subfield>
    <subfield code="7">0</subfield>
    <subfield code="8">MBA</subfield>
    <subfield code="a">PIET</subfield>
    <subfield code="b">PIET</subfield>
    <subfield code="d">2009-11-16</subfield>
    <subfield code="e">J B C, New Delhi</subfield>
    <subfield code="g">399.00</subfield>
    <subfield code="k">SI-3612</subfield>
    <subfield code="l">1</subfield>
    <subfield code="o">658.4034 NAO</subfield>
    <subfield code="p">13809</subfield>
    <subfield code="r">2025-05-13 00:00:00</subfield>
    <subfield code="s">2025-05-08</subfield>
    <subfield code="w">2009-11-02</subfield>
    <subfield code="y">BK</subfield>
  </datafield>
  <datafield tag="952" ind1=" " ind2=" ">
    <subfield code="0">0</subfield>
    <subfield code="1">0</subfield>
    <subfield code="2">ddc</subfield>
    <subfield code="4">0</subfield>
    <subfield code="7">0</subfield>
    <subfield code="8">MBA</subfield>
    <subfield code="a">PIET</subfield>
    <subfield code="b">PIET</subfield>
    <subfield code="d">2012-07-16</subfield>
    <subfield code="e">IBH, New Delhi</subfield>
    <subfield code="g">475.00</subfield>
    <subfield code="k">5677</subfield>
    <subfield code="l">3</subfield>
    <subfield code="o">658.4034 NAO</subfield>
    <subfield code="p">20203</subfield>
    <subfield code="r">2023-03-02 00:00:00</subfield>
    <subfield code="s">2023-02-15</subfield>
    <subfield code="w">2012-07-14</subfield>
    <subfield code="y">BK</subfield>
  </datafield>
  <datafield tag="952" ind1=" " ind2=" ">
    <subfield code="0">0</subfield>
    <subfield code="1">0</subfield>
    <subfield code="2">ddc</subfield>
    <subfield code="4">0</subfield>
    <subfield code="7">0</subfield>
    <subfield code="8">MBA</subfield>
    <subfield code="a">PIET</subfield>
    <subfield code="b">PIET</subfield>
    <subfield code="d">2012-07-16</subfield>
    <subfield code="e">IBH, New Delhi</subfield>
    <subfield code="g">475.00</subfield>
    <subfield code="k">5677</subfield>
    <subfield code="l">3</subfield>
    <subfield code="o">658.4034 NAO</subfield>
    <subfield code="p">20204</subfield>
    <subfield code="r">2022-04-04 00:00:00</subfield>
    <subfield code="s">2022-03-22</subfield>
    <subfield code="w">2012-07-14</subfield>
    <subfield code="y">BK</subfield>
    <subfield code="z">.</subfield>
  </datafield>
  <datafield tag="952" ind1=" " ind2=" ">
    <subfield code="0">0</subfield>
    <subfield code="1">0</subfield>
    <subfield code="2">ddc</subfield>
    <subfield code="4">0</subfield>
    <subfield code="7">0</subfield>
    <subfield code="8">MBA</subfield>
    <subfield code="a">PIET</subfield>
    <subfield code="b">PIET</subfield>
    <subfield code="d">2012-07-16</subfield>
    <subfield code="e">IBH, New Delhi</subfield>
    <subfield code="g">475.00</subfield>
    <subfield code="k">5677</subfield>
    <subfield code="l">3</subfield>
    <subfield code="o">658.4034 NAO</subfield>
    <subfield code="p">20205</subfield>
    <subfield code="r">2023-05-18 00:00:00</subfield>
    <subfield code="s">2023-05-03</subfield>
    <subfield code="w">2012-07-14</subfield>
    <subfield code="y">BK</subfield>
  </datafield>
  <datafield tag="952" ind1=" " ind2=" ">
    <subfield code="0">0</subfield>
    <subfield code="1">0</subfield>
    <subfield code="2">ddc</subfield>
    <subfield code="4">0</subfield>
    <subfield code="7">0</subfield>
    <subfield code="8">MBA</subfield>
    <subfield code="a">PIET</subfield>
    <subfield code="b">PIET</subfield>
    <subfield code="d">2012-07-16</subfield>
    <subfield code="e">IBH, New Delhi</subfield>
    <subfield code="g">475.00</subfield>
    <subfield code="k">5677</subfield>
    <subfield code="l">2</subfield>
    <subfield code="o">658.4034 NAO</subfield>
    <subfield code="p">20206</subfield>
    <subfield code="r">2023-06-19 00:00:00</subfield>
    <subfield code="s">2023-05-30</subfield>
    <subfield code="w">2012-07-14</subfield>
    <subfield code="y">BK</subfield>
  </datafield>
  <datafield tag="952" ind1=" " ind2=" ">
    <subfield code="0">0</subfield>
    <subfield code="1">0</subfield>
    <subfield code="2">ddc</subfield>
    <subfield code="4">0</subfield>
    <subfield code="7">0</subfield>
    <subfield code="8">MBA</subfield>
    <subfield code="a">PIET</subfield>
    <subfield code="b">PIET</subfield>
    <subfield code="d">2012-07-16</subfield>
    <subfield code="e">IBH, New Delhi</subfield>
    <subfield code="g">475.00</subfield>
    <subfield code="k">5677</subfield>
    <subfield code="l">3</subfield>
    <subfield code="o">658.4034 NAO</subfield>
    <subfield code="p">20207</subfield>
    <subfield code="r">2024-05-02 00:00:00</subfield>
    <subfield code="s">2024-04-19</subfield>
    <subfield code="w">2012-07-14</subfield>
    <subfield code="y">BK</subfield>
  </datafield>
  <datafield tag="952" ind1=" " ind2=" ">
    <subfield code="0">0</subfield>
    <subfield code="1">0</subfield>
    <subfield code="2">ddc</subfield>
    <subfield code="4">0</subfield>
    <subfield code="7">0</subfield>
    <subfield code="8">MBA</subfield>
    <subfield code="a">PIET</subfield>
    <subfield code="b">PIET</subfield>
    <subfield code="d">2012-07-16</subfield>
    <subfield code="e">IBH, New Delhi</subfield>
    <subfield code="g">475.00</subfield>
    <subfield code="k">5677</subfield>
    <subfield code="l">4</subfield>
    <subfield code="o">658.4034 NAO</subfield>
    <subfield code="p">20208</subfield>
    <subfield code="r">2024-03-13 00:00:00</subfield>
    <subfield code="s">2024-02-19</subfield>
    <subfield code="w">2012-07-14</subfield>
    <subfield code="y">BK</subfield>
  </datafield>
  <datafield tag="952" ind1=" " ind2=" ">
    <subfield code="0">0</subfield>
    <subfield code="1">0</subfield>
    <subfield code="2">ddc</subfield>
    <subfield code="4">0</subfield>
    <subfield code="7">0</subfield>
    <subfield code="8">MBA</subfield>
    <subfield code="a">PIET</subfield>
    <subfield code="b">PIET</subfield>
    <subfield code="d">2012-07-16</subfield>
    <subfield code="e">IBH, New Delhi</subfield>
    <subfield code="g">475.00</subfield>
    <subfield code="k">5677</subfield>
    <subfield code="l">0</subfield>
    <subfield code="o">658.4034 NAO</subfield>
    <subfield code="p">20209</subfield>
    <subfield code="r">2019-12-04 00:00:00</subfield>
    <subfield code="w">2012-07-14</subfield>
    <subfield code="y">BK</subfield>
  </datafield>
</record>
